La aventura de leer (Registro nro. 47882)

Detalles MARC
001 - NÚMERO DE CONTROL
campo de control 36389
005 - FECHA Y HORA DE LA ÚLTIMA TRANSACCIÓN
campo de control 20260506070749.0
008 - DATOS DE LONGITUD FIJA--INFORMACIÓN GENERAL
campo de control de longitud fija 960313m19561964 spa
035 ## - NÚMERO DE CONTROL DEL SISTEMA
Número de control de sistema 36389
035 ## - NÚMERO DE CONTROL DEL SISTEMA
Número de control de sistema (OCoLC)778083900
040 ## - FUENTE DE LA CATALOGACIÓN
Centro/agencia transcriptor comduadb
041 ## - CÓDIGO DE LENGUA
Código de lengua del texto/banda sonora o título independiente spa
082 #4 - NÚMERO DE LA CLASIFICACIÓN DECIMAL DEWEY
Número de clasificación 860
100 #0 - ENTRADA PRINCIPAL--NOMBRE DE PERSONA
Nombre de persona Laín Entralgo, Pedro,
Fechas asociadas al nombre 1908-2001
Código de función aut
Número de control del registro de autoridad o número normalizado (isni)0000 0001 0931 133X
-- (viaf)108328947
Término indicativo de función/relación Autor/a
9 (RLIN) 316407
245 13 - MENCIÓN DE TÍTULO
Título La aventura de leer
250 ## - MENCIÓN DE EDICIÓN
Mención de edición 01.ED
260 ## - PUBLICACIÓN, DISTRIBUCIÓN, ETC.
Lugar de publicación, distribución, etc. Barcelona :
Nombre del editor, distribuidor, etc. Espasa-Calpe,
Fecha de publicación, distribución, etc. 1956, 1964.
300 ## - DESCRIPCIÓN FÍSICA
Extensión 224 páginas
942 ## - ELEMENTOS DE ENTRADA AGREGADA (KOHA)
Tipo de ítem Koha Libros
Existencias
Estado de retiro Estado de pérdida Estado dañado No para préstamo Código de colección Localización permanente Ubicación/localización actual Fecha de adquisición Número de inventario Total de préstamos Signatura topográfica completa Código de barras Fecha visto por última vez Número de copia Precio válido a partir de Tipo de ítem Koha Fuente de adquisición
        Colección de Literatura Biblioteca Campus El Carmen de Viboral Biblioteca Campus El Carmen de Viboral 07/09/2016 C1250796   860.09 L186a 1033718 21/04/2023 2 21/04/2023 Libros Material adquirido por donación
        Colección de Literatura (Piso 1) Biblioteca Carlos Gaviria Díaz, Campus Medellín Biblioteca Carlos Gaviria Díaz, Campus Medellín 05/05/1998 C62074   860.09 L186a 61000002838049 21/04/2023 1 21/04/2023 Libros